Wading Birds Quiz - Statistics

General Stats
  • This quiz has been taken 26 times
  • The average score is 10 of 24
Answer Stats
Picture Answer % Correct
Curlew
87%
Oystercatcher
80%
Ringed Plover
67%
Bar-Tailed Godwit
53%
Golden Plover
53%
Grey Plover
53%
Redshank
53%
Common Sandpiper
47%
Dunlin
47%
Northern Lapwing
47%
Red Knot
47%
Ruddy Turnstone
47%
Stone Curlew
47%
Black-Winged Stilt
40%
Greenshank
40%
Masked Lapwing
40%
Pied Avocet
40%
Common Snipe
27%
Eurasian Dotterel
27%
Ruff
27%
Red-Kneed Dotterel
20%
Sheathbill
20%
Spur-Winged Lapwing
20%
African Jacana
13%
No matching quizzes found
Score Distribution
Percent of People with Each Score
Percentile by Number Answered
Your Score History
You have not taken this quiz